[Event "QA-ANNIV-02"]
[Site "http://www.queenalice.com/game.php?id=128235"]
[Date "2006.11.11"]
[Round "4"]
[White "NextFuture"]
[Black "miguelvidal"]
[Result "0-1"]
[WhiteElo "2103"]
[BlackElo "1996"]

1. Nf3 Nf6 2. d4 d5 3. c4 c6 4. e3 a6 5. c5 Nbd7 6. b4 g6 7. Bb2 Bg7 8. Nbd2 O-O
9. a4 e5 10. Nb3 Ne4 11. Bd3 Nxf2 12. Kxf2 e4 13. Re1 exd3 14. Kg1 Re8 15. Qxd3
Nf6 16. Ne5 Ng4 17. Nxg4 Bxg4 18. Bc3 Bf5 19. Qf1 Re6 20. Qf4 Qe7 21. g4 Re4 0-1

[Event "AUTO-OPEN-279"]
[Site "http://www.queenalice.com/game.php?id=141126"]
[Date "2006.12.13"]
[Round "3"]
[White "miguelvidal"]
[Black "ambaradann"]
[Result "1-0"]
[WhiteElo "2049"]
[BlackElo "1861"]

1. c4 e5 2. Nc3 Nf6 3. Nf3 Nc6 4. g3 b6 5. Bg2 Bb7 6. Nxe5 Be7 7. d4 Rb8 8. O-O
Nxe5 9. dxe5 Bxg2 10. exf6 Bxf1 11. fxe7 Qxe7 12. Kxf1 O-O 13. Bf4 Qb4 14. Bxc7
Qxb2 15. Bxb8 Qxc3 16. Rc1 Qa3 17. Bd6 Qxa2 18. Bxf8 Kxf8 19. Qxd7 g6 20. Qd8+
Kg7 21. Qd4+ f6 22. Ra1 Qc2 23. Rxa7+ Kh6 24. Qh4# 1-0

[Event "AUTO-OPEN-279"]
[Site "http://www.queenalice.com/game.php?id=141127"]
[Date "2006.12.13"]
[Round "3"]
[White "ambaradann"]
[Black "miguelvidal"]
[Result "0-1"]
[WhiteElo "1829"]
[BlackElo "2057"]

1. e4 c5 2. Nf3 d6 3. Nc3 a6 4. b3 g6 5. Bb2 Bg7 6. d4 cxd4 7. Nxd4 Nd7 8. Nde2
Ngf6 9. Nd5 O-O 10. Nxf6+ Nxf6 11. Ng3 Qa5+ 12. c3 d5 13. exd5 Nxd5 14. b4 Nxb4
15. Qb3 Qe5+ 16. Be2 Nd3+ 17. Kd2 Nxb2 18. Qxb2 Rd8+ 19. Ke1 Qxc3+ 20. Qxc3
Bxc3+ 21. Kf1 Bxa1 22. f3 Rd2 23. Kf2 Bd4+ 24. Ke1 Rxa2 25. Bc4 Rb2 26. Bd3 Bf5
27. Ne4 Rc8 28. Kd1 Be3 29. g4 Rc1# 0-1

[Event "QA-ANNIV-02"]
[Site "http://www.queenalice.com/game.php?id=150557"]
[Date "2007.1.5"]
[Round "5"]
[White "miguelvidal"]
[Black "don1kiko"]
[Result "1-0"]
[WhiteElo "2037"]
[BlackElo "1828"]

1. d3 c5 2. e4 Nc6 3. f4 e5 4. Nf3 exf4 5. Bxf4 d6 6. Nc3 Bg4 7. Be2 h6 8. h3
Bh5 9. O-O g5 10. Bg3 Bg7 11. Nb5 Ne5 12. Nxe5 Bxe2 13. Nxf7 Bxd1 14. Nbxd6+
Qxd6 15. Nxd6+ Kd8 16. Raxd1 Rh7 17. d4 Bxd4+ 18. Rxd4 cxd4 19. Rf8+ 1-0

[Event "AUTO-OPEN-281"]
[Site "http://www.queenalice.com/game.php?id=153327"]
[Date "2007.1.12"]
[Round "3"]
[White "miguelvidal"]
[Black "clauberfm"]
[Result "1-0"]
[WhiteElo "2090"]
[BlackElo "2149"]

1. e4 Nc6 2. Nf3 Nf6 3. Nc3 e5 4. g3 Bc5 5. Bg2 d6 6. d3 a5 7. Nd5 Nxd5 8. exd5
Nb4 9. O-O O-O 10. Nd2 f5 11. d4 exd4 12. a3 Na6 13. Nb3 Qf6 14. Nxa5 Re8 15. b4
Bb6 16. Bb2 Bd7 17. Qd3 Bxa5 18. Bxd4 Qe7 19. bxa5 Nc5 20. Qc3 Bb5 21. Rfe1 Ne4
22. Qb2 Qd7 23. Bxg7 Bc4 24. Qd4 Qxg7 25. Qxc4 Re5 26. Rad1 Rxa5 27. Bxe4 fxe4
28. Rxe4 Rc5 29. Qe2 Rxe4 30. Qxe4 Qg6 31. Qh4 Rxc2 32. Rd4 h5 33. Qd8+ Kh7 34.
Rf4 Rc1+ 35. Kg2 Re1 36. Qf8 1-0

[Event "AUTO-OPEN-281"]
[Site "http://www.queenalice.com/game.php?id=153328"]
[Date "2007.1.12"]
[Round "3"]
[White "clauberfm"]
[Black "miguelvidal"]
[Result "0-1"]
[WhiteElo "2164"]
[BlackElo "2064"]

1. e4 e6 2. d4 d5 3. e5 c5 4. Nf3 cxd4 5. Bd3 Nc6 6. O-O Nge7 7. Re1 Ng6 8. Bb5
Bd7 9. Bxc6 bxc6 10. Nxd4 Be7 11. Qh5 Qb6 12. Nb3 c5 13. c4 d4 14. N1d2 Qb4 15.
Rb1 Bc6 16. f3 O-O 17. Qg4 a5 18. g3 a4 19. Na1 Qb7 20. h4 f5 21. exf6 Rxf6 22.
h5 Raf8 23. f4 Nxf4 24. gxf4 Rxf4 25. Qxe6+ Kh8 0-1

[Event "AUTO-OPEN-280"]
[Site "http://www.queenalice.com/game.php?id=167092"]
[Date "2007.2.11"]
[Round "2"]
[White "clauberfm"]
[Black "miguelvidal"]
[Result "0-1"]
[WhiteElo "2138"]
[BlackElo "2106"]

1. e4 g6 2. Nc3 c5 3. Nf3 Nc6 4. d4 cxd4 5. Nxd4 Bg7 6. Be3 Nf6 7. Nxc6 bxc6 8.
e5 Ng8 9. f4 Nh6 10. Bd3 O-O 11. O-O d6 12. Qf3 dxe5 13. Qxc6 Ng4 14. Bc5 Be6
15. Qb7 Rc8 16. Bxe7 Rc7 17. Bxd8 Rxb7 18. Bg5 h6 19. Be4 Rxb2 20. Be7 Re8 21.
Ba3 Rbb8 22. Na4 Bc4 23. Bd6 Bxf1 24. Bxb8 Bb5 25. f5 Rxb8 26. Rb1 Rd8 27. Nc3
Ba6 28. fxg6 Bf8 0-1

[Event "AUTO-OPEN-280"]
[Site "http://www.queenalice.com/game.php?id=167093"]
[Date "2007.2.11"]
[Round "2"]
[White "miguelvidal"]
[Black "clauberfm"]
[Result "1-0"]
[WhiteElo "2119"]
[BlackElo "2153"]

1. d4 Nf6 2. c4 e6 3. Nc3 Bb4 4. e3 d5 5. Nf3 O-O 6. Bd3 dxc4 7. Bxc4 c5 8. O-O
cxd4 9. exd4 Nc6 10. Re1 a6 11. a3 b5 12. axb4 bxc4 13. Bg5 Bb7 14. Ne4 Nxb4 15.
Nxf6+ gxf6 16. Bh6 Kh8 17. Bxf8 Qxf8 18. Re3 Nd5 19. Rea3 Nf4 20. g3 Qg8 21. Kf1
Nd3 22. b3 Nb2 23. Qe2 Qg4 24. bxc4 Nxc4 25. Qxc4 Bxf3 26. Kg1 Bd5 27. Qd3 Rb8
28. f3 Qh5 29. Rc3 Rb2 30. h4 Bb7 31. Raa3 Qh6 32. Rab3 Rd2 33. Qb1 Bd5 34. Rc8+
Kg7 35. Rd3 Bb7 36. Rc7 Qg6 37. Rxf7+ Qxf7 38. Rxd2 Bxf3 39. Qb8 Qd7 40. Qf4 Bc6
41. Rf2 Qd8 42. g4 a5 43. g5 f5 44. Qe5+ Kf7 45. Rb2 Bd5 46. Rb8 Qe7 47. g6+
Kxg6 48. Rg8+ 1-0

[Event "QA-ANNIV-02"]
[Site "http://www.queenalice.com/game.php?id=183838"]
[Date "2007.3.17"]
[Round "6"]
[White "AntonFleig"]
[Black "miguelvidal"]
[Result "0-1"]
[WhiteElo "1836"]
[BlackElo "2084"]

1. e4 e6 2. d4 d5 3. e5 c5 4. c3 Qb6 5. Nf3 Nc6 6. Be2 cxd4 7. cxd4 Nh6 8. Nc3
Nf5 9. Bb5 Bd7 10. Bxc6 Bxc6 11. O-O h5 12. Re1 Be7 13. Re2 Rg8 14. Be3 g5 15.
Qd3 g4 16. Ne1 O-O-O 17. a4 a5 18. Rc2 Kb8 19. Nb5 Rc8 20. Rac1 h4 21. b3 Bb4
22. Nc3 h3 23. g3 Ba3 24. Rb1 Bd7 25. Ne2 Be7 26. Rbc1 Rxc2 27. Nxc2 Ka7 28. Bd2
Qa6 29. Qxa6+ Kxa6 30. Ne3 Nxe3 31. Bxe3 b5 32. Rc7 bxa4 33. Rxd7 axb3 34. Rc7
b2 35. Nc3 a4 36. Nb1 a3 37. Rc6+ Kb7 38. Rc2 Rc8 39. Rxb2+ axb2 40. f4 Rc1+ 0-1

[Event "QA-ANNIV-02"]
[Site "http://www.queenalice.com/game.php?id=210966"]
[Date "2007.5.14"]
[Round "7"]
[White "miguelvidal"]
[Black "franchouillard"]
[Result "1-0"]
[WhiteElo "2132"]
[BlackElo "1982"]

1. e4 e5 2. Nc3 Nf6 3. Nf3 Nc6 4. d4 exd4 5. Nxd4 Bb4 6. Nxc6 Bxc3+ 7. bxc3 dxc6
8. Qxd8+ Kxd8 9. Bd3 h6 10. O-O Re8 11. Rd1 Bg4 12. f3 Bd7 13. Bc4 Re7 14. Ba3
Re5 15. Bf8 Rg5 16. h4 Rg3 17. Bxf7 Kc8 18. Kh2 1-0

[Event "AUTO-OPEN-280"]
[Site "http://www.queenalice.com/game.php?id=223861"]
[Date "2007.6.12"]
[Round "3"]
[White "csadler"]
[Black "miguelvidal"]
[Result "0-1"]
[WhiteElo "1812"]
[BlackElo "2140"]

1. d4 d5 2. c4 dxc4 3. Nf3 e6 4. e3 a6 5. Bxc4 c5 6. O-O Nf6 7. Qe2 b5 8. Bb3
Bb7 9. Rd1 Nbd7 10. Nc3 Qb8 11. dxc5 Bxc5 12. Bc2 O-O 13. Bxh7+ Kxh7 14. Ng5+
Kg8 15. Rxd7 Nxd7 16. Qh5 Nf6 17. Qh3 Rd8 18. e4 b4 19. Na4 Rd1# 0-1

[Event "AUTO-OPEN-280"]
[Site "http://www.queenalice.com/game.php?id=223862"]
[Date "2007.6.12"]
[Round "3"]
[White "miguelvidal"]
[Black "csadler"]
[Result "1-0"]
[WhiteElo "2142"]
[BlackElo "1800"]

1. d4 Nf6 2. c4 e6 3. Nf3 b6 4. g3 Ba6 5. b3 Bb4+ 6. Bd2 Be7 7. Nc3 O-O 8. e4 d6
9. Bg2 Nbd7 10. O-O c5 11. e5 dxe5 12. dxe5 Ng4 13. Re1 Qc7 14. h3 Ngxe5 15.
Nxe5 Nxe5 16. Bf4 f6 17. Bxa8 Rxa8 18. Nd5 Qd7 19. Rxe5 exd5 20. Rxe7 Qxe7 21.
Qxd5+ 1-0

[Event "AUTO-OPEN-280"]
[Site "http://www.queenalice.com/game.php?id=223863"]
[Date "2007.6.12"]
[Round "3"]
[White "Denorwaygths"]
[Black "miguelvidal"]
[Result "0-1"]
[WhiteElo "1879"]
[BlackElo "2157"]

1. Nf3 Nc6 2. Nc3 d5 3. d4 Bf5 4. a3 e6 5. Bf4 Bd6 6. Bxd6 cxd6 7. e3 Nf6 8. h4
Qb6 9. b3 Ne7 10. Nh2 Rc8 11. Na4 Qa5+ 12. Ke2 Rxc2+ 13. Kf3 Ng6 14. g4 Nxh4+
15. Kg3 Ne4+ 16. Kxh4 Qd8+ 17. Kh3 Nxf2+ 18. Kg3 Nxh1+ 19. Kh3 Rxh2+ 20. Kxh2
Qh4+ 21. Kg1 Qf2+ 22. Kxh1 Be4+ 23. Bg2 Qxg2# 0-1

[Event "AUTO-OPEN-280"]
[Site "http://www.queenalice.com/game.php?id=223864"]
[Date "2007.6.12"]
[Round "3"]
[White "miguelvidal"]
[Black "Denorwaygths"]
[Result "1-0"]
[WhiteElo "2161"]
[BlackElo "1865"]

1. c4 Nc6 2. d4 d5 3. Nf3 Bf5 4. cxd5 Qxd5 5. Nc3 Qd6 6. e4 Bg6 7. d5 Ne5 8.
Nxe5 Qxe5 9. Bb5+ Kd8 10. f4 Qh5 11. Be2 Qh4+ 12. g3 Qh3 13. f5 Bxf5 14. exf5
Qxf5 15. Rf1 Qg6 16. Bf4 e6 17. dxe6+ Bd6 18. exf7 Qxf7 19. Bxd6 Qe6 20. Rf8+
Kd7 21. Ba3+ Kc6 22. Qa4+ Kb6 23. Qb5# 1-0

[Event "QA-ANNIV-02"]
[Site "http://www.queenalice.com/game.php?id=271751"]
[Date "2007.9.14"]
[Round "9"]
[White "miguelvidal"]
[Black "shogun"]
[Result "1-0"]
[WhiteElo "2164"]
[BlackElo "2453"]

1. d4 d5 2. c4 Bf5 3. Qb3 e5 4. Qxb7 Nd7 5. Nf3 Rb8 6. Qxa7 e4 7. Ne5 Nxe5 8.
dxe5 d4 9. g4 Bxg4 10. Bg2 f6 11. Nd2 Bb4 12. e6 Bxe6 13. O-O Bxd2 14. Bxd2 Rxb2
15. Rfd1 Kf7 16. Bf4 Rxe2 17. Bf1 Rb2 18. Rxd4 Rb7 19. Rxd8 Rxa7 20. a4 Ke7 21.
Rb8 Bd7 22. a5 Bc6 23. a6 g5 24. Bxc7 Rxc7 25. a7 Kd6 26. c5+ Ke5 27. Bc4 g4 28.
Bxg8 h5 29. Ra6 f5 30. Rf8 h4 31. Kf1 Rh5 32. Ke2 Kf4 33. Be6 Re7 34. Rxc6 Rxa7
35. Rd6 Ke5 36. Bf7 Rg5 37. Rd5+ Kf6 38. c6 Ke7 39. Rb8 Ra2+ 40. Kd1 g3 41. Rd7+
Kf6 42. Re8 Rg7 43. Bxa2 gxh2 44. Re6+ Kg5 45. Rxg7+ Kf4 46. c7 h1=Q+ 47. Kc2
Qa1 48. Bc4 Qxg7 49. c8=Q Qa7 50. Rd6 Qxf2+ 51. Rd2 Qa7 52. Qh8 Kg3 53. Qh6 Qa4+
54. Bb3 Qa7 55. Qg5+ Kf3 56. Qxf5+ 1-0

[Event "QA-ANNIV-02"]
[Site "http://www.queenalice.com/game.php?id=311856"]
[Date "2007.11.28"]
[Round "10"]
[White "csparrow"]
[Black "miguelvidal"]
[Result "1/2-1/2"]
[WhiteElo "2434"]
[BlackElo "2185"]

1. Nf3 Nf6 2. c4 c5 3. Nc3 e6 4. g3 b6 5. Bg2 Bb7 6. O-O Be7 7. d4 cxd4 8. Qxd4
d6 9. Bg5 a6 10. Bxf6 Bxf6 11. Qf4 O-O 12. Rfd1 Be7 13. Ne4 Bxe4 14. Qxe4 Ra7
15. Nd4 Rc7 16. b3 Bf6 17. Nxe6 fxe6 18. Qxe6+ Kh8 19. Rxd6 Qc8 20. Qxc8 Rcxc8
21. Rad1 b5 22. Bd5 Be7 23. Re6 Bc5 24. e3 bxc4 25. Bxc4 a5 26. Re5 Bb4 27. f4
Nc6 28. Rb5 Rc7 29. Kg2 Re7 30. Bd5 Rd7 31. e4 g6 32. h4 Rfd8 33. Kf3 Rc7 34.
Kg4 h5+ 35. Kh3 Ne7 36. Rd3 Rc2 37. a3 Rc5 38. Rxc5 Bxc5 39. b4 Nxd5 40. Rxd5
Rxd5 41. exd5 axb4 42. axb4 Bxb4 43. g4 Kg7 44. gxh5 gxh5 45. Kg2 Kg6 46. Kg1
Kf5 47. Kh1 Bd6 48. Kg1 Kxf4 49. Kh1 Kg3 50. Kg1 Bc5+ 51. Kh1 Ba3 52. Kg1 Bd6
53. Kh1 Bc5 54. d6 Bxd6 55. Kg1 Bc7 56. Kh1 Ba5 57. Kg1 Be1 58. Kh1 Kh3 59. Kg1
Bxh4 60. Kh1 Be1 61. Kg1 h4 62. Kh1 Bd2 63. Kg1 Be1 64. Kh1 Kg3 65. Kg1 Kf3 66.
Kh1 Bg3 67. Kg1 Ke2 68. Kh1 Bf2 69. Kg2 Ke1 70. Kh1 Kf1 71. Kh2 Bg1+ 72. Kh1 Be3
73. Kh2 Bf2 74. Kh1 Be1 75. Kh2 Kf2 76. Kh1 Kf3 77. Kg1 Kg3 78. Kh1 Kf2 79. Kh2
Bd2 80. Kh1 Ba5 81. Kh2 Bc7+ 82. Kh1 Ba5 83. Kh2 Bb4 84. Kh1 Kf1 85. Kh2 Bd6+
86. Kh1 Bc5 87. Kh2 Bf2 1/2-1/2

[Event "QA-ANNIV-02"]
[Site "http://www.queenalice.com/game.php?id=346174"]
[Date "2008.1.31"]
[Round "11"]
[White "miguelvidal"]
[Black "gbsalvio"]
[Result "1/2-1/2"]
[WhiteElo "2192"]
[BlackElo "2445"]

1. e4 e5 2. f4 exf4 3. Bc4 Nf6 4. Nc3 c6 5. Bb3 d5 6. exd5 Nxd5 7. Qf3 Be6 8.
Nge2 Nxc3 9. dxc3 Qh4+ 10. Qf2 Qxf2+ 11. Kxf2 Bc5+ 12. Nd4 Na6 13. Bxf4 O-O-O
14. Bxe6+ fxe6 15. Be5 Rd5 16. Rhe1 Rf8+ 17. Kg3 Nb4 18. cxb4 Bxd4 19. Bxd4 Rxd4
20. Rxe6 Rd2 21. Re7 Rxc2 22. Rxg7 Rxb2 23. a3 Rff2 24. Kh3 Rbe2 25. Rd1 Re3+
26. g3 Ree2 27. Rdd7 Rxh2+ 28. Kg4 h5+ 29. Kg5 Re5+ 30. Kh6 Rb5 31. Rde7 Rd2 32.
Re8+ Rd8 33. Rxd8+ Kxd8 34. Rg5 Rxg5 35. Kxg5 a5 36. bxa5 c5 37. Kf4 Ke7 38. Ke5
c4 39. Kd4 Ke6 40. Kxc4 Kf5 41. Kb5 Kg4 42. Kb6 Kxg3 43. Kxb7 h4 44. a6 h3 45.
a7 h2 46. a8=Q h1=Q+ 47. Ka7 Qc1 48. Qg8+ Kf3 49. Qd5+ Ke2 50. a4 Qf4 51. a5
Qc7+ 52. Ka6 Qc3 53. Kb5 Qb2+ 54. Kc5 Qa3+ 55. Kc6 Qc3+ 56. Kb6 Qf6+ 57. Kc5
Qe7+ 58. Kc4 Qh4+ 59. Kb5 Qf6 60. a6 Qb2+ 61. Kc6 Qf6+ 62. Qd6 Qg7 63. Qe6+ Kf3
64. Qf5+ Ke2 65. Kd5 Qa7 66. Qe4+ Kf1 67. Qb1+ Kg2 68. Qb7 Qf2 69. Ke6+ Kh3 70.
Qd7 Kh2 71. a7 Qe3+ 72. Kd5 Qf3+ 73. Kc5 Qa3+ 74. Kb5 Qb2+ 75. Kc6 Qc3+ 76. Kb6
Qe3+ 77. Kb7 Qb3+ 78. Kc7 Qc4+ 79. Kb6 Qb3+ 80. Qb5 Qe3+ 81. Qc5 Qb3+ 82. Kc6
Qf3+ 83. Qd5 Qc3+ 84. Kb5 Qb2+ 85. Ka5 Qa3+ 86. Kb6 Qb4+ 87. Qb5 Qd6+ 88. Qc6
Qb4+ 89. Ka6 Qa3+ 90. Kb7 Qb3+ 91. Qb6 Qd5+ 92. Ka6 Qc4+ 93. Ka5 Qa2+ 94. Kb4
Qb2+ 95. Kc5 Qc2+ 96. Kd6 1/2-1/2